000 00958nam a2200277 i 4500
001 15590
003 ES-MaACL
005 20250728222357.0
007 t|
008 000404s1999 sp ||||1| spa d
020 _a84-7774-981-7
080 _a330.15
080 _a330.34:504
245 0 0 _aDesarrollo económico y deterioro ecológico /
_cJosé Manuel Naredo Pérez, Antonio Valero Capilla (dirs).
260 _aMadrid :
_bFundación Argentaria :
_bVisor,
_c[1999]
300 _a338 p. ;
_c24 cm.
490 1 _aEconomía y naturaleza ;
_v11.
_aTextos aplicados
650 4 _aDesarrollo económico-
_xAspectos ambientales.
_911794
650 1 4 _aEconomía ambiental.
_912019
700 1 _aNaredo, José Manuel
_984944
700 1 _aValero Capilla, Antonio.
_9112663
710 2 _aFundación Argentaria.
_94221
830 0 0 _aEconomía y naturaleza
_v11.
_9228589
852 _aES-MaACL
_jL-22676
_bR.128211
999 _c15590
_d15590